Development of an early warning system for water level in rivers using Global System for Mobile communications (GSM) /
محفوظ في:
| المؤلف الرئيسي: | |
|---|---|
| التنسيق: | أطروحة كتاب |
| اللغة: | English |
| منشور في: |
2011.
|
| الموضوعات: | |
| الوسوم: |
إضافة وسم
لا توجد وسوم, كن أول من يضع وسما على هذه التسجيلة!
|
| LEADER | 01287cam a2200301 a 4500 | ||
|---|---|---|---|
| 001 | u831232 | ||
| 003 | SIRSI | ||
| 005 | 201106131639 | ||
| 008 | 110613s2011 my t 000 0 eng m | ||
| 040 | |a UMM | ||
| 043 | |a a-my--- | ||
| 090 | |a TK7 |b UM 2011 Ahm | ||
| 100 | 1 | |a Ahmed, Sarmad Zahid. | |
| 245 | 1 | 0 | |a Development of an early warning system for water level in rivers using Global System for Mobile communications (GSM) / |c Sarmad Zahid Ahmed. |
| 260 | |c 2011. | ||
| 300 | |a xiv, 119 leaves : |b ill. ; |c 30 cm. | ||
| 502 | |a Dissertation (M.Eng.) -- Jabatan Kejuruteraan Elektrik, Fakulti Kejuruteraan, Universiti Malaya, 2011. | ||
| 504 | |a Bibliography: leaves 73-74. | ||
| 650 | 0 | |a Global system for mobile communications. | |
| 650 | 0 | |a Flood warning systems |z Malaysia. | |
| 650 | 0 | |a Natural disaster warning systems |z Malaysia. | |
| 650 | 0 | |a Communication of technical information |z Malaysia. | |
| 650 | 0 | |a Computational intelligence. | |
| 710 | 2 | |a Universiti Malaya. |b Jabatan Kejuruteraan Elektrik. | |
| 900 | |a NHS-ZA | ||
| 596 | |a 1 7 | ||
| 999 | |a TK7 UM 2011 AHM |w LC |c 1 |i A514716620 |d 17/5/2016 |e 17/5/2016 |f 9/1/2012 |g 1 |l STACKS |m P01UTAMA |n 1 |r Y |s Y |t TESIS |u 9/1/2012 | ||
| 999 | |a TK7 UM 2011 AHM |w LC |c 1 |i A514909126 |d 23/7/2012 |f 23/7/2012 |g 1 |l STACKS |m P07JURUTER |r Y |s Y |t TESIS |u 20/7/2012 | ||
